The effect of working capital management on the profitability of selected manufacturing firms listed on the Ghana Stock Exchange between 2016-2021 / (Record no. 25155)

MARC details
000 -LEADER
fixed length control field 00645nam a22001817a 4500
003 - CONTROL NUMBER IDENTIFIER
control field AUA.1
005 - DATE AND TIME OF LATEST TRANSACTION
control field 20251028183344.0
008 - FIXED-LENGTH DATA ELEMENTS--GENERAL INFORMATION
fixed length control field 250702b |||||||| |||| 00| 0 eng d
040 ## - CATALOGING SOURCE
Transcribing agency JTL
100 ## - MAIN ENTRY--PERSONAL NAME
Personal name Owusu-Ansah, Philip
245 ## - TITLE STATEMENT
Title The effect of working capital management on the profitability of selected manufacturing firms listed on the Ghana Stock Exchange between 2016-2021 /
Statement of responsibility, etc Philip Owusu-Ansah.
260 ## - PUBLICATION, DISTRIBUTION, ETC. (IMPRINT)
Date of publication, distribution, etc c2024
300 ## - PHYSICAL DESCRIPTION
Extent ix, 90 leaves :
Other physical details Illustrations :
Dimensions 30 cm.
610 ## - SUBJECT ADDED ENTRY--CORPORATE NAME
Corporate name or jurisdiction name as entry element Ghana Stock Exchange
650 ## - SUBJECT ADDED ENTRY--TOPICAL TERM
Topical term or geographic name as entry element Working capital
650 ## - SUBJECT ADDED ENTRY--TOPICAL TERM
Topical term or geographic name as entry element Manufacturing industries
942 ## - ADDED ENTRY ELEMENTS (KOHA)
Source of classification or shelving scheme AUA Inhouse Classification
Koha item type Project
Classification part MBA
Item part .O98 2024
Holdings
Withdrawn status Lost status Source of classification or shelving scheme Damaged status Not for loan Collection code Home library Current library Shelving location Date acquired Source of acquisition Cost, normal purchase price Serial Enumeration / chronology Total Checkouts Full call number Barcode Date last seen Cost, replacement price Price effective from Koha item type
    Library of Congress Classification     JTL Research Collection Judith Thomas Library Judith Thomas Library Judith Thomas Library Research Section 02/07/2025 Theological Seminary 25.00 AUA27867   MBA .O98 2024 AUA27867 02/07/2025 25.00 02/07/2025 Project